Every Major City in the Carribean + Guyanas - Statistics

General Stats
  • This quiz has been taken 13 times
  • The average score is 6 of 11
Answer Stats
Answer % Correct
Havanna
100%
Kingston
91%
Georgetown
82%
Paramaribo
82%
Port au Prince
82%
Santo Domingo
82%
San Juan
73%
Punta Cana
18%
Santiago de los Caballeros
18%
Cap-Haitien
0%
Santa Clara
0%
No matching quizzes found
Score Distribution
Percent of People with Each Score
Percentile by Number Answered
Your Score History
You have not taken this quiz